书目信息 |
| 题名: |
特色图书馆论
|
|
| 作者: | 文化部图书馆司 , 湖北省文化厅特色图书馆研究课题组 编 | |
| 分册: | ||
| 出版信息: | 北京 书目文献出版社 1998.10 |
|
| 页数: | 172页 | |
| 开本: | 32开 | |
| 丛书名: | ||
| 单 册: | ||
| 中图分类: | G25 | |
| 科图分类: | ||
| 主题词: | 图书馆学 , 图书馆事业 | |
| 电子资源: | ||
| ISBN: | 7-5013-1538-8 | |
| 000 | 00733nam0 2200217 45 | |
| 001 | 0010031992 | |
| 005 | 20001003193147.5 | |
| 010 | @a7-5013-1538-8@d8.60元 | |
| 100 | @a20001003d1998 km y0chiy0120 ea | |
| 101 | 0 | @achi |
| 105 | @a z 000yy | |
| 200 | 1 | @a特色图书馆论@ATe Se Tu Shu Guan Lun@f文化部图书馆司,湖北省文化厅特色图书馆研究课题组 编@FWen Hua Bu Tu Shu Guan Si,Hu Bei Sheng Wen Hua Ting Te Se Tu Shu Guan Yan Jiu Ke Ti Zu Bian |
| 210 | @a北京@c书目文献出版社@d1998.10 | |
| 215 | @a172页@d32开 | |
| 606 | 0 | @a图书馆学 |
| 606 | 0 | @a图书馆事业 |
| 690 | @aG25@v3 | |
| 701 | 0 | @a文化部图书馆司@4编 |
| 701 | 0 | @a湖北省文化厅特色图书馆研究课题组@4编 |
| 801 | @aCN@bPftUser@c20001003 | |
| 905 | @b412837-838@dG25@eW:060@f2 | |
| 特色图书馆论/文化部图书馆司,湖北省文化厅特色图书馆研究课题组 编.-北京:书目文献出版社,1998.10 |
| 172页;32开 |
| ISBN 7-5013-1538-8:8.60元 |
| ● |
| 相关链接 |
|
|
|
正题名:特色图书馆论
索取号:G25/W:060
 
预约/预借
| 序号 | 登录号 | 条形码 | 馆藏地/架位号 | 状态 | 备注 |
| 1 | 412837 | 204128372 | 社科库409/ [索取号:G25/W:060] | 在馆 | |
| 2 | 412838 | 204128381 | 社科库409/409社科库 58排7列2层/ [索取号:G25/W:060] | 在馆 |